000 00828nam a2200301Ia 4500
003 OSt
005 20220912145821.0
006 a|||||r|||| 00| 0
007 ta
008 220909b |||||||| |||| 00| 0 eng d
020 _a9780070667327 (pbk)
024 _a82097
037 _cTextual
040 _aCSL
_beng
_cCSL
041 _aeng
082 _aC, K56;K7.5-;1
100 _aReif F
245 0 _aStatistical physics
260 _aNew York
_bTata McGraw-Hill Publishing Company Limited
_c1967
300 _ap.
_ccm.
500 _a''Appendix 350-362p''.; ''Index 393-398p''.
650 _a Probability concepts
650 _a Statistical physics
650 _aPhysics
942 _hC, K56;K7.5-;1
_cTEXL
_2CC
999 _c38926
_d38926